00247nam a2200097Ia 4500008004100000100002700041245003500068260003000103300000800133650000800141191201s2012 xx 000 0 und d aTHAKUR, Rajesh chandra 0aDiplomacy: Theory and Practice aN. DelhibVikas Pubc2012 a188 aMBA